| 000 | 00816nam a22002297a 4500 | ||
|---|---|---|---|
| 999 |
_c17151 _d17151 |
||
| 003 | AR-CdUCM | ||
| 008 | 190507b ||||| |||| 00| 0 spa d | ||
| 040 |
_aMUNICIPALIDAD PROVINCIAL DEL CUSCO _cBIBLIOTECA MUNICIPAL DEL CUSCO |
||
| 082 |
_a947.08 / _bL99 |
||
| 100 |
_aLuxemburg, Rosa _937008 |
||
| 245 | _aCartas de la prisión / | ||
| 260 |
_aLa plata : _bCalomino, _c1946. |
||
| 300 |
_a218 páginas ; _c18 cm. |
||
| 440 |
_aBiblioteca de cultura integral _927635 |
||
| 505 | _aContenido: Semblanza de Rosa Luxembugo por Clara Zetkin -- A la redaccion de la Neue Zeit -- A Carlos y Luisa Kautsky... | ||
| 650 |
_aSocialistas rusas _937009 |
||
| 650 |
_aSiglo XX _98 |
||
| 650 |
_aHistoria de Rusia _98411 |
||
| 700 |
_aPeralta, Pedro (traductor) _925551 |
||
| 942 |
_2ddc _cLIBROS |
||
| 945 |
_adavv _d07/05/2019 |
||